000 00296nam a22001337a 4500
008 170522b xxu||||| |||| 00| 0 eng d
020 _a0671249886
041 _aeng
080 _2
_a94
100 _a16
101 _aSHH
245 _aTHE TIMETABLES OF HISTORY
_cBOORSTIN,D.J
942 _2udc
_cBK
999 _c13785
_d13785